000 00690nmc a2200265 a 4500
003 AR-BaBNM
005 20251128210906.0
008 161020s1998 ||||||||||||||000 | spa||
020 _a950-07-0885-X
040 _cAR-BaBNM
100 1 _aFogwill, Enrique Rodolfo
245 1 0 _aLos pichiciegos
_bvisiones de una batalla subterránea
250 _a2ª ed.
260 _aBuenos Aires
_bSudamericana
_c1998
300 _a163 p.
490 0 _aNarrativas argentinas
650 4 _aLITERATURA ARGENTINA
650 4 _aLITERATURA CONTEMPORANEA
650 4 _aNOVELAS
650 4 _aGUERRA DE MALVINAS
653 _aNARRATIVA
655 _aLITERATURA
942 _cBK
998 _cMARTIN
999 _c17325
_d17325